Piłkarska kariera Andriya Shevchenki. - Statystyki

Ogólne statystyki
  • Ten quiz został rozwiązany 103 razy
  • Średni wynik to 4 z 5
Statystyki odpowiedzi
Lata Drużyna % Poprawnych
1999-2006 Milan
99%
2008-2009 Milan
99%
2006-2009 Chelsea
81%
1994-1999 Dynamo Kijów
78%
2009-2012 Dynamo Kijów
78%
Nie znaleziono quizów pasujących do podanych kryteriów
Rozkład punktacji
Procent ludzi z każdym wynikiem
Percentyl według liczby udzielonych odpowiedzi
Twoja historia wyników
Nie rozwiązałeś tego quizu